000 01130nam a2200241 i 4500
001 189769
003 ES-MaACL
005 20250808062833.0
008 191022s1950 sp |||| | spa d
100 0 _aNicolau, Miguel.
_985582
245 1 0 _aSacrae theologiae summa
_b: iuxta constitutionem apostolicam "Deus scientiarum Dominus".
_n1. Theologia fundamentalis. Introductio in Theologiam. De revelatione christiana. De Ecclesia Christi. De Sacra Scriptura /
_cAuctoribus P. Michaele Nicolau, S.I..., P. Ioachim Salaverri, S.I.
260 _aMatriti :
_bLa Editorial Católica,
_c1950.
300 _aXIII, 1131 p. ;
_c20 cm.
490 1 _aBiblioteca de autores cristianos ;
_v61
546 _aTexto en latín.
594 _aEn la anteport. : Patres Societatis Iesu Facultatum Theologicarum in Hispania Profesores.
594 _aEn la anteport. : Iuxta Constitutionem Apostolicam "Deus scientiarum Dominus"
650 0 7 _aTeología
_2embne
_917457
700 1 _aSalaverri de la Torre, Joaquín.
_9101788
830 0 0 _aBiblioteca de autores cristianos
_v61
_9178679
852 _aES-MaACL
_jP-1032-1
999 _c189769
_d189769